000 01353cam a22004093a 4500
001 21297
003 PGUSA
005 20140828083444.0
008 070504s2007||||xxu|||||s|||||000 1 eng d
040 _aPGUSA
_beng
042 _adc
050 4 _aPZ
100 1 _aFenn, George Manville,
_d1831-1909
245 1 0 _aCutlass and Cudgel
_h[electronic resource] /
_cGeorge Manville Fenn
260 _bProject Gutenberg,
_c2007
506 _aPublic domain in the USA.
516 _aElectronic text
653 _aFarm life -- Juvenile fiction
653 _aFathers and sons -- Juvenile fiction
653 _aMothers and sons -- Juvenile fiction
653 _aSmugglers -- Juvenile fiction
653 _aCows -- Juvenile fiction
653 _aSailors -- Juvenile fiction
653 _aSeafaring life -- Juvenile fiction
653 _aFriendship -- Juvenile fiction
653 _aPrisoners -- Juvenile fiction
653 _aBoys -- Juvenile fiction
653 _aAdventure and adventurers -- Juvenile fiction
653 _aVoyages and travels -- Juvenile fiction
653 _aShip captains -- Juvenile fiction
653 _aGirls -- Juvenile fiction
653 _aDogs -- Juvenile fiction
700 1 _aSchönberg, John
830 0 _aProject Gutenberg
_v21297
856 4 0 _uhttp://www.gutenberg.org/ebooks/21297
942 _cEB
999 _c250552
_d250552